Lessons from international self build housing practices (Record no. 112925)

MARC details
000 -LEADER
fixed length control field 01362cad a22003015a 4500
001 - CONTROL NUMBER
control field L154299
008 - FIXED-LENGTH DATA ELEMENTS--GENERAL INFORMATION
fixed length control field 111110s2011 xxk f 000 0 eng d
035 ## - SYSTEM CONTROL NUMBER
System control number (Sirsi) u154299
041 0# - LANGUAGE CODE
Language code of text/sound track or separate title eng
100 1# - MAIN ENTRY--PERSONAL NAME
Personal name Owen, Sheila
245 00 - TITLE STATEMENT
Title Lessons from international self build housing practices
Medium [electronic resource]
260 ## - PUBLICATION, DISTRIBUTION, ETC.
Place of publication, distribution, etc. [S.l.]
Name of publisher, distributor, etc. NaSBA
Date of publication, distribution, etc. 2011
520 ## - SUMMARY, ETC.
Summary, etc. This report was prepared to inform an action plan to promote the growth of self build housing and identifies and examines some typical examples of international self build procurement and delivery for comparison to those currently practiced within the UK.
590 ## - LOCAL NOTE (RLIN)
Local note KA NTK
651 #4 - SUBJECT ADDED ENTRY--GEOGRAPHIC NAME
Geographic name United Kingdom
Chronological subdivision
651 #4 - SUBJECT ADDED ENTRY--GEOGRAPHIC NAME
Geographic name Australia
651 #4 - SUBJECT ADDED ENTRY--GEOGRAPHIC NAME
Geographic name Germany
Chronological subdivision 1990-
651 #4 - SUBJECT ADDED ENTRY--GEOGRAPHIC NAME
Geographic name Netherlands
651 #4 - SUBJECT ADDED ENTRY--GEOGRAPHIC NAME
Geographic name United States
Chronological subdivision 1959-
651 #4 - SUBJECT ADDED ENTRY--GEOGRAPHIC NAME
Geographic name Ireland (Republic of)
Chronological subdivision
690 ## - LOCAL SUBJECT ADDED ENTRY--TOPICAL TERM (OCLC, RLIN)
Topical term or geographic name as entry element BUILT ENVIRONMENT-CONSTRUCTION MANAGEMENT-CONSTRUCTION DESIGN AND MANAGEMENT
690 ## - LOCAL SUBJECT ADDED ENTRY--TOPICAL TERM (OCLC, RLIN)
Topical term or geographic name as entry element PROPERTY-RESIDENTIAL PROPERTY-DOMESTIC RESIDENTIAL PROPERTY-HOUSING
690 ## - LOCAL SUBJECT ADDED ENTRY--TOPICAL TERM (OCLC, RLIN)
Topical term or geographic name as entry element BUILT ENVIRONMENT-CONSTRUCTION MARKET
710 1# - ADDED ENTRY--CORPORATE NAME
Corporate name or jurisdiction name as entry element National Self Build Association
9 (RLIN) 5919
710 1# - ADDED ENTRY--CORPORATE NAME
Corporate name or jurisdiction name as entry element United Kingdom
Subordinate unit Department for Communities and Local Government
9 (RLIN) 4939
856 40 - ELECTRONIC LOCATION AND ACCESS
Uniform Resource Identifier <a href="https://www.nasba.org.uk/Content/Reports.aspx">https://www.nasba.org.uk/Content/Reports.aspx</a>
Public note View the International Report Word document free of charge at www.nasba.org
942 ## - ADDED ENTRY ELEMENTS (KOHA)
Suppress in OPAC 0
Holdings
Withdrawn status Lost status Source of classification or shelving scheme Damaged status Not for loan Home library Current library Shelving location Date acquired Total Checkouts Full call number Barcode Date last seen Copy number Price effective from Koha item type
    Dewey Decimal Classification     Virtual Virtual Online 10/11/2011   ONLINE PUBLICATION 154299-2001 06/08/2019 1 06/08/2019 Book